000 00471pab a2200169 454500
008 180718b2006 xxu||||| |||| 00| 0 eng d
100 _aChatterjee, Mirai
245 _aDecentralised childcare services: the SEWA experience
260 _c2006
300 _ap.3660-664.
362 _a26 Aug
650 _aSelf Employed Women's Association (SEWA)
650 _aDecentralization
650 _aChild welfare
773 _aEconomic and Political Weekly
909 _a71311
999 _c71311
_d71311